[Event "Andorra op 30th"]
[Site "La Massana"]
[Date "2012.07.27"]
[Round "7"]
[White "De Angelis, Stefano"]
[Black "Vehi Bach, Victor Manuel"]
[Result "1-0"]
[WhiteElo "2547"]
[BlackElo "2362"]
[PlyCount "73"]
[EventDate "2012.07.21"]
[EventType "swiss"]
[EventRounds "9"]
[EventCountry "AND"]
[SourceTitle "CBM 149 Extra"]
[Source "ChessBase"]
[SourceDate "2012.08.24"]
[SourceVersion "1"]
[SourceVersionDate "2012.08.24"]
[SourceQuality "1"]

1. d4 Nf6 2. c4 e6 3. Nc3 Bb4 4. e3 0-0 5. Bd3 d5 6. Nf3 b6 7. 0-0 Bb7 8. a3 Bd6 9. b4 dxc4 10. Bxc4 a5 11. b5 Nbd7 12. Re1 e5 13. e4 h6 14. d5 Kh7 15. Bf1 g6 16. Nb1 Nc5 17. Nbd2 Nh5 18. Nc4 f6 19. Qd2 g5 20. Qd1 Ng7 21. a4 Bc8 22. Nfd2 Bd7 23. Nb3 Ne8 24. Nxc5 Bxc5 25. Ba3 Bxa3 26. Rxa3 Nd6 27. Rc3 Be8 28. Qc2 Ra7 29. Rc1 Rf7 30. Be2 Re7 31. Bg4 Kg7 32. Qe2 Nb7 33. Ne3 Bg6 34. Bf5 Nc5 35. Bxg6 Kxg6 36. Nf5 Rd7 37. Rh3 1-0

[Event "Porto Sant Elpidio op-B 12th"]
[Site "Porto Sant Elpidio"]
[Date "2009.11.22"]
[Round "2"]
[White "Bonoli, Luciano"]
[Black "De Angelis, Stefano"]
[Result "1-0"]
[WhiteElo "1766"]
[BlackElo "1690"]
[PlyCount "151"]
[EventDate "2009.11.21"]
[EventType "swiss"]
[EventRounds "6"]
[EventCountry "ITA"]
[SourceTitle "EXT 2024"]
[Source "ChessBase"]
[SourceDate "2023.10.10"]
[SourceVersion "1"]
[SourceVersionDate "2023.10.10"]
[SourceQuality "1"]

1. c4 Nf6 2. g3 e5 3. Nc3 c6 4. Bg2 Bb4 5. a3 Ba5 6. b4 Bc7 7. Bb2 0-0 8. Qc2 d5 9. cxd5 cxd5 10. Rc1 Be6 11. Nb5 Bb6 12. Nc7 Bxc7 13. Qxc7 Qxc7 14. Rxc7 Nc6 15. Nf3 Rab8 16. Nxe5 Rfc8 17. Rxc8+ Rxc8 18. Nd3 Ne4 19. f3 Nd6 20. 0-0 Nc4 21. Bc1 Nd4 22. Re1 Nc2 23. Rd1 N4xa3 24. Bxa3 Nxa3 25. Nc5 b6 26. Nd3 Nc4 27. f4 g6 28. Kf2 Kf8 29. h3 Ke7 30. g4 Kd6 31. b5 Na5 32. Ne5 f6 33. Nf3 Rc2 34. Nd4 Rc5 35. d3 Bd7 36. Rb1 Rc3 37. Bf1 Kc5 38. e3 Nb7 39. Nf3 Na5 40. d4+ Kd6 41. g5 fxg5 42. Nxg5 h5 43. h4 Nc4 44. Bxc4 Rxc4 45. Nf7+ Ke7 46. Ne5 Rc2+ 47. Kg3 Bf5 48. Ra1 Rc7 49. Rxa7 Rxa7 50. Nc6+ Kd7 51. Nxa7 Kc7 52. Nc6 Bd7 53. Ne5 Kd6 54. Nxg6 Bxb5 55. f5 Be8 56. Ne5 b5 57. Nd3 Ke7 58. Nb4 Bf7 59. Kf4 Kf6 60. Nd3 Be8 61. Nb4 Bf7 62. e4 dxe4 63. Kxe4 Bg8 64. Kf4 Bf7 65. d5 Be8 66. d6 Bf7 67. Ke3 Be8 68. Nd5+ Kf7 69. Ke4 Bc6 70. Kd4 Bd7 71. Nb6 Bxf5 72. Ke5 Bg4 73. Kd4 Ke6 74. Kc5 Bh3 75. Kc6 Bg2+ 76. Kc7 1-0